Reprezentanci Polski na Konkursie Piosenki Eurowizji - Statystyki

Ogólne statystyki
  • Ten quiz został rozwiązany 323 razy
  • Średni wynik to 11 z 22
Statystyki odpowiedzi
Rok Wykonawca % Poprawnych
1994 Edyta Górniak
96%
2016 Michał Szpak
89%
2014 Donatan i Cleo
86%
2003 Ich Troje
82%
2006 Ich Troje ft. Real McCoy
82%
2019 Tulia
66%
2017 Kasia Moś
59%
2018 Gromee ft. Lukas Meijer
55%
1995 Justyna Steczkowska
54%
2001 Piasek
54%
2004 Blue Cafe
39%
2015 Monika Kuszyńska
39%
1999 Mietek Szcześniak
36%
1997 Anna Maria Jopek
35%
1996 Kasia Kowalska
33%
2011 Magdalena Tul
31%
2008 Isis Gee
29%
2005 Ivan i Delfin
27%
2009 Lidia Kopania
25%
2007 The Jet Set
25%
1998 Sixteen
22%
2010 Marcin Mroziński
20%
Nie znaleziono quizów pasujących do podanych kryteriów
Rozkład punktacji
Procent ludzi z każdym wynikiem
Percentyl według liczby udzielonych odpowiedzi
Twoja historia wyników
Nie rozwiązałeś tego quizu